Modern methods of valuation of land, houses and buildings (Record no. 100325)
[ view plain ]
| 000 -LEADER | |
|---|---|
| fixed length control field | 00903cam a2200265 4500 |
| 001 - CONTROL NUMBER | |
| control field | |
| 008 - FIXED-LENGTH DATA ELEMENTS--GENERAL INFORMATION | |
| fixed length control field | 000000n2000 000 0 eng u |
| 020 ## - INTERNATIONAL STANDARD BOOK NUMBER | |
| International Standard Book Number | 0728203464 |
| 035 ## - SYSTEM CONTROL NUMBER | |
| System control number | (Sirsi) u105045 |
| 050 04 - LIBRARY OF CONGRESS CALL NUMBER | |
| Classification number | 333.332 $2 18 |
| 100 1# - MAIN ENTRY--PERSONAL NAME | |
| Personal name | Johnson, Tony |
| 245 ## - TITLE STATEMENT | |
| Title | Modern methods of valuation of land, houses and buildings |
| 250 ## - EDITION STATEMENT | |
| Edition statement | 9th ed. |
| 260 ## - PUBLICATION, DISTRIBUTION, ETC. | |
| Place of publication, distribution, etc. | London |
| Name of publisher, distributor, etc. | Estates Gazette |
| Date of publication, distribution, etc. | 2000 |
| 300 ## - PHYSICAL DESCRIPTION | |
| Extent | xliv, 637p. |
| Dimensions | 21cm. |
| 350 ## - PRICE (NR) (BK AM CF MU VM SE) [OBSOLETE] | |
| Price | 28 |
| 520 ## - SUMMARY, ETC. | |
| Summary, etc. | The standard text on the principles governing the valuation of land and buildings and the application of those principles to everyday situations. |
| 520 ## - SUMMARY, ETC. | |
| Summary, etc. | Supersedes eighth edition (ISBN 0728201267). |
| 520 ## - SUMMARY, ETC. | |
| Summary, etc. | Superseded by tenth edition (ISBN 9780728205086). |
| 651 #4 - SUBJECT ADDED ENTRY--GEOGRAPHIC NAME | |
| Geographic name | United Kingdom |
| Chronological subdivision | |
| 690 ## - LOCAL SUBJECT ADDED ENTRY--TOPICAL TERM (OCLC, RLIN) | |
| Topical term or geographic name as entry element | PROPERTY-PROPERTY APPRAISAL AND VALUATION |
| 700 1# - ADDED ENTRY--PERSONAL NAME | |
| Personal name | Davies, Keith |
| 700 1# - ADDED ENTRY--PERSONAL NAME | |
| Personal name | Shapiro, Eric F. |
| 942 ## - ADDED ENTRY ELEMENTS (KOHA) | |
| Suppress in OPAC | 0 |
| Withdrawn status | Lost status | Damaged status | Not for loan | Home library | Current library | Shelving location | Date acquired | Cost, normal purchase price | Total Checkouts | Full call number | Barcode | Date last seen | Date last checked out | Copy number | Cost, replacement price | Price effective from | Koha item type | Source of classification or shelving scheme |
|---|---|---|---|---|---|---|---|---|---|---|---|---|---|---|---|---|---|---|
| Missing | London | London | Missing | 14/07/2000 | 28.00 | 63 | BASEMENT | 30061535 | 06/08/2019 | 05/06/2007 | 2 | 28.00 | 06/08/2019 | Book | ||||
| Lost | London | London | Missing | 14/07/2000 | 28.00 | 63 | BASEMENT | 30061774 | 06/08/2019 | 10/04/2007 | 3 | 28.00 | 06/08/2019 | Book | ||||
| Missing | London | London | Missing | 16/09/2004 | 23.80 | 19 | BASEMENT | 30069507 | 06/08/2019 | 17/11/2006 | 5 | 23.80 | 06/08/2019 | Book | ||||
| London | London | Basement | 06/02/2006 | 42 | BASEMENT | 30071614 | 06/08/2019 | 21/12/2009 | 6 | 06/08/2019 | Book | Dewey Decimal Classification |